<?xml version="1.0" encoding="UTF-8"?>
<marc:record xmlns:marc="http://www.loc.gov/MARC21/slim">
   <marc:leader>00000nam a2200000 a 4500</marc:leader>
   <marc:datafield ind1="1" ind2=" " tag="100">
      <marc:subfield code="a">Gauzin-Müller, Dominique</marc:subfield>
      <marc:subfield code="4">aut</marc:subfield>
      <marc:subfield code="e">Verfasser/-in</marc:subfield>
   </marc:datafield>
   <marc:datafield ind1="1" ind2=" " tag="100">
      <marc:subfield code="a">Gauzin-Müller, Dominique</marc:subfield>
   </marc:datafield>
   <marc:datafield ind1=" " ind2=" " tag="653">
      <marc:subfield code="a">Geschichte 1960-2008</marc:subfield>
   </marc:datafield>
   <marc:datafield ind1=" " ind2=" " tag="653">
      <marc:subfield code="a">Bauökologie</marc:subfield>
   </marc:datafield>
   <marc:datafield ind1=" " ind2=" " tag="653">
      <marc:subfield code="a">Softcover / Kunst/Architektur</marc:subfield>
   </marc:datafield>
   <marc:datafield ind1="0" ind2="0" tag="245">
      <marc:subfield code="a">Ökologische Architektur in Vorarlberg</marc:subfield>
   </marc:datafield>
   <marc:datafield ind1="0" ind2="0" tag="245">
      <marc:subfield code="b">ein soziales, ökonomisches und kulturelles Modell</marc:subfield>
   </marc:datafield>
   <marc:datafield ind1="0" ind2="0" tag="245">
      <marc:subfield code="c">Dominique Gauzin-Müller. [Übers. aus dem Franz.: Beate Susanne Hanen</marc:subfield>
   </marc:datafield>
   <marc:datafield ind1=" " ind2="1" tag="264">
      <marc:subfield code="a">Wien</marc:subfield>
      <marc:subfield code="b">Springer</marc:subfield>
      <marc:subfield code="c">2011</marc:subfield>
   </marc:datafield>
   <marc:datafield ind1=" " ind2=" " tag="250">
      <marc:subfield code="a">Dt. Lizenzausg.</marc:subfield>
   </marc:datafield>
   <marc:datafield ind1="1" ind2=" " tag="520">
      <marc:subfield code="a">Angaben aus der Verlagsmeldung

Die ökologische Architektur Vorarlbergs : Ein wirtschaftliches, soziales und kulturelles Modell / von Dominique Gauzin-Müller

Vorarlberg, im Westen Österreichs gelegen, kann als Modellregion für die Entwicklung nachhaltiger und formal anspruchsvoller Architektur betrachtet werden. Mitunter wird sogar vom Vorarlberger „Wunder“ gesprochen, dass in den 60er Jahren mit den Vorarlberger Baukünstlern begann.
Dominique Gauzin-Müller beschreibt zum ersten mal die Hauptkomponenten dieses „Wunders“: Pragmatismus und Transparenz, Umweltschutz, Professionalität und handwerkliches Können der Gewerke und vor allem ein auf Dialog beruhender solidarischer Geist. Das in sechs Kapiteln strukturierte Werk erforscht die wesentlichen Triebkräfte des Phänomens: Funktionalität und Ökologie, Neue Wohnformen, Nachhaltigkeit im täglichen Leben, Holz und Holzwerkstoffe, Regionale Wirtschaft, Modelle der kommunalen Verwaltung.
Das Buch bietet jedem Bewunderer der Vorarlberger Architektur einen wahren Schatz an Informationen und Zusammenhängen, begleitet von Einzeldarstellungen der Vorarlberger Baukunst.
</marc:subfield>
   </marc:datafield>
   <marc:datafield ind1=" " ind2=" " tag="020">
      <marc:subfield code="a">9783709102398</marc:subfield>
      <marc:subfield code="9">9783709102398</marc:subfield>
   </marc:datafield>
   <marc:datafield ind1=" " ind2=" " tag="041">
      <marc:subfield code="a">ger</marc:subfield>
   </marc:datafield>
   <marc:datafield ind1=" " ind2=" " tag="300">
      <marc:subfield code="a">405 S.</marc:subfield>
   </marc:datafield>
</marc:record>
